| 000 | 00721nam a2200181 a 4500 | ||
|---|---|---|---|
| 001 | 000029925 | ||
| 005 | 20200930055919.0 | ||
| 008 | 110427s1954 dr ac 000 0 spa d | ||
| 040 |
_aDO-SdBNP _bspa _cBNPHU |
||
| 082 |
_axxx _bP7623s |
||
| 100 | 1 |
_aPolanco Brito, Hugo Eduardo, _d1918- _924251 |
|
| 245 | 1 | 0 |
_aSalcedo y su historia / _cHugo Eduardo Polanco Brito. |
| 260 |
_aCiudad Trujillo, República Dominicana : _bImprenta San Francisco, _c1954. |
||
| 300 |
_a305, xxv p. : _bil., retrs. ; _c23 cm. |
||
| 500 | _aEste trabajo fué presentado como tesis para obtener el doctorado en Filosofía de la Universidad de Santo Domingo | ||
| 504 | _aIncluye referencias bibliográficas al pie de las páginas | ||
| 049 | _aBNPD | ||
| 999 |
_c29417 _d29417 |
||